Planeamiento tributario : límites normativos /

Bibliographic Details
Main Author: Barreto, Paulo Ayres (Author)
Other Authors: Panez Solórzano, Juan Carlos (Translator), Lázaro Orihuela, Angelo Edward (Translator)
Format: Electronic eBook
Language:Spanish
Published: Santiago, Chile : Ediciones Olejnik, [2024]
Series:Biblioteca de derecho tributario (Ediciones Olejnik). Colección Dr. Paulo de Barros Carvalho.
Subjects:
Online Access:Digitalia Hispánica

MARC

LEADER 00000nam a2200000Ii 4500
001 DIGOLEJNK1519
003 NyNyDIG
006 m o d
007 cr |||||||||||
008 250902s2024 cl ob 000 0 spa d
035 |a (OCoLC)1535343547 
040 |a DGITA  |b eng  |e rda  |e pn  |c DGITA 
020 |z 9789564074283 
043 |a s-bl--- 
050 1 4 |a HJ2525 ebook 
100 1 |a Barreto, Paulo Ayres,  |e author. 
245 1 0 |a Planeamiento tributario :  |b límites normativos /  |c Paulo Ayres Barreto ; traducción de Juan Carlos Panez Solórzano, Angelo Edward Lázaro Orihuela. 
264 1 |a Santiago, Chile :  |b Ediciones Olejnik,  |c [2024] 
300 |a 1 online resource. 
336 |a text  |b txt  |2 rdacontent 
337 |a computer  |b c  |2 rdamedia 
338 |a online resource  |b cr  |2 rdacarrier 
347 |a text file  |2 rdaft 
347 |b PDF 
490 1 |a Biblioteca de derecho tributario. Colección Dr. Paulo de Barros Carvalho  
504 |a Includes bibliographical references. 
588 0 |a Online resource; title from PDF title page (Digitalia, viewed September 2, 2025) 
650 0 |a Taxation  |z Brazil. 
650 0 |a Taxation  |x Law and legislation  |z Brazil. 
700 1 |a Panez Solórzano, Juan Carlos,  |e translator. 
700 1 |a Lázaro Orihuela, Angelo Edward,  |e translator. 
791 2 |a Digitalia (Firm),  |e distributor. 
793 0 |g Digitalia eBook Collection:  |a Ediciones Olejnik 
776 0 8 |i Print version:  |a Barreto, Paulo Ayres.  |t Planeamiento tributario.  |b Primera edición en Ediciones Olejnik.  |d Santiago, Chile : Ediciones Olejnik, 2024  |z 9789564074283 
830 0 |a Biblioteca de derecho tributario (Ediciones Olejnik).  |p Colección Dr. Paulo de Barros Carvalho.  
856 4 0 |3 Digitalia Hispánica  |u https://www.digitaliapublishing.com/a/158038/ 
910 |a Premium collection: 2025